[Event "DEM U16w 2022"]
[Site "Willingen GER"]
[Date "2022.06.09"]
[Round "7"]
[White "Derling, Charlotte"]
[Black "Buchholz, Maja"]
[Result "0-1"]
[Termination "normal"]
[Board "3"]
[WhiteElo "1506"]
[BlackElo "1939"]
[WhiteClock "00:05:36"]
[BlackClock "00:15:29"]
[PlyCount "118"]
[WhiteFideId "16222237"]
[BlackFideId "16200500"]
[EventCountry "GER"]
[EventRounds "9"]
[EventType "swiss"]
[EventDate "2022.06.04"]

1. e4 {[%clk 1:30:57]} e5 {[%clk 1:30:54]} 2. Nf3 {[%clk 1:31:14]} Nc6 {[%clk
1:31:18]} 3. d4 {[%clk 1:31:20]} exd4 {[%clk 1:31:41]} 4. Nxd4 {[%clk 1:31:40]}
Nf6 {[%clk 1:32:04]} 5. Nxc6 {[%clk 1:31:52]} bxc6 {[%clk 1:32:23]} 6. Bd3
{[%clk 1:31:01]} Bc5 {[%clk 1:31:39]} 7. O-O {[%clk 1:28:02]} h6 {[%clk
1:30:58]} 8. Nd2 {[%clk 1:23:09]} O-O {[%clk 1:30:57]} 9. Nb3 {[%clk 1:20:47]}
Bb6 {[%clk 1:30:33]} 10. e5 {[%clk 1:15:15]} Nh7 {[%clk 1:30:00]} 11. Qh5
{[%clk 1:07:52]} Re8 {[%clk 1:22:57]} 12. Bd2 {[%clk 0:55:55]} a5 {[%clk
1:14:57]} 13. Bc3 {[%clk 0:45:00]} Ba6 {[%clk 1:03:44]} 14. Rad1 {[%clk
0:42:32]} a4 {[%clk 0:52:57]} 15. Nd4 {[%clk 0:39:08]} Ng5 {[%clk 0:38:25]} 16.
Rfe1 {[%clk 0:31:44]} Bxd3 {[%clk 0:32:19]} 17. Rxd3 {[%clk 0:29:49]} Qe7
{[%clk 0:31:22]} 18. Rg3 {[%clk 0:23:03]} Kh7 {[%clk 0:14:35]} 19. Nf5 {[%clk
0:21:23]} Qd8 {[%clk 0:13:41]} 20. h4 {[%clk 0:20:38]} Re6 {[%clk 0:12:36]} 21.
hxg5 {[%clk 0:18:34]} Qf8 {[%clk 0:12:25]} 22. gxh6 {[%clk 0:15:55]} g6 {[%clk
0:12:34]} 23. Qg5 {[%clk 0:14:52]} gxf5 {[%clk 0:11:54]} 24. Qxf5+ {[%clk
0:14:50]} Rg6 {[%clk 0:11:13]} 25. e6 {[%clk 0:11:23]} dxe6 {[%clk 0:11:22]}
26. Rxe6 {[%clk 0:11:23]} Bxf2+ {[%clk 0:11:28]} 27. Qxf2 {[%clk 0:08:59]} fxe6
{[%clk 0:11:15]} 28. Rxg6 {[%clk 0:06:23]} Qxf2+ {[%clk 0:11:37]} 29. Kxf2
{[%clk 0:06:42]} Kxg6 {[%clk 0:12:02]} 30. Bg7 {[%clk 0:06:05]} Rd8 {[%clk
0:12:08]} 31. Ke3 {[%clk 0:05:01]} Rd5 {[%clk 0:11:18]} 32. a3 {[%clk 0:02:39]}
Rg5 {[%clk 0:11:03]} 33. Kf3 {[%clk 0:01:35]} Rc5 {[%clk 0:11:13]} 34. c3
{[%clk 0:00:56]} Rb5 {[%clk 0:11:37]} 35. c4 {[%clk 0:01:18]} Rc5 {[%clk
0:12:01]} 36. g3 {[%clk 0:00:43]} Rxc4 {[%clk 0:12:10]} 37. Ke3 {[%clk
0:00:42]} c5 {[%clk 0:11:02]} 38. Kf3 {[%clk 0:00:51]} c6 {[%clk 0:10:19]} 39.
Ke3 {[%clk 0:01:06]} Rc1 {[%clk 0:09:53]} 40. Kd3 {[%clk 0:00:45]} Kh7 {[%clk
0:08:49]} 41. Ke4 {[%clk 0:27:39]} Re1+ {[%clk 0:35:49]} 42. Kf4 {[%clk
0:23:55]} Re2 {[%clk 0:33:00]} 43. Kf3 {[%clk 0:20:24]} Rd2 {[%clk 0:30:40]}
44. Ke4 {[%clk 0:16:40]} Rd5 {[%clk 0:30:18]} 45. Kf4 {[%clk 0:15:39]} Kg6
{[%clk 0:29:25]} 46. Ke4 {[%clk 0:13:31]} c4 {[%clk 0:27:22]} 47. Kf4 {[%clk
0:11:29]} Rd2 {[%clk 0:21:27]} 48. Ke3 {[%clk 0:09:27]} Rd3+ {[%clk 0:21:25]}
49. Kf4 {[%clk 0:09:18]} Rb3 {[%clk 0:21:02]} 50. Kg4 {[%clk 0:08:05]} Re3
{[%clk 0:17:07]} 51. Kf4 {[%clk 0:07:52]} Re1 {[%clk 0:16:53]} 52. Kf3 {[%clk
0:06:39]} e5 {[%clk 0:17:14]} 53. Kf2 {[%clk 0:06:38]} c3 {[%clk 0:17:14]} 54.
bxc3 {[%clk 0:06:16]} Ra1 {[%clk 0:17:33]} 55. Bf8 {[%clk 0:05:55]} Rc1 {[%clk
0:17:36]} 56. Ke3 {[%clk 0:04:56]} Rxc3+ {[%clk 0:15:48]} 57. Ke4 {[%clk
0:05:17]} c5 {[%clk 0:15:15]} 58. Kxe5 {[%clk 0:05:21]} Rxa3 {[%clk 0:15:17]}
59. Bxc5 {[%clk 0:05:36]} Rxg3 {[%clk 0:15:29]} 0-1

[Event "DEM U16w 2022"]
[Site "Willingen GER"]
[Date "2022.06.09"]
[Round "7"]
[White "Prinzen, Siri Marleen"]
[Black "Alferova, Emily"]
[Result "1-0"]
[Termination "normal"]
[Board "5"]
[WhiteElo "1744"]
[BlackElo "1523"]
[WhiteClock "00:13:46"]
[BlackClock "00:06:11"]
[PlyCount "43"]
[WhiteFideId "16265912"]
[BlackFideId "16265904"]
[EventCountry "GER"]
[EventRounds "9"]
[EventType "swiss"]
[EventDate "2022.06.04"]

1. d4 {[%clk 1:30:59]} d5 {[%clk 1:30:52]} 2. Bf4 {[%clk 1:31:22]} c5 {[%clk
1:31:17]} 3. e3 {[%clk 1:31:47]} Nc6 {[%clk 1:31:43]} 4. Nc3 {[%clk 1:31:34]}
Nf6 {[%clk 1:32:08]} 5. Nb5 {[%clk 1:30:45]} e5 {[%clk 1:28:43]} 6. dxe5 {[%clk
1:28:40]} Ng4 {[%clk 1:20:25]} 7. Qxd5 {[%clk 1:14:58]} Qa5+ {[%clk 1:10:03]}
8. c3 {[%clk 1:05:04]} Be6 {[%clk 1:06:04]} 9. Qe4 {[%clk 1:01:02]} Rd8 {[%clk
0:58:12]} 10. Nf3 {[%clk 0:48:47]} Bd5 {[%clk 0:55:26]} 11. Qc2 {[%clk
0:47:19]} c4 {[%clk 0:29:18]} 12. Nbd4 {[%clk 0:41:43]} Nxd4 {[%clk 0:23:32]}
13. Nxd4 {[%clk 0:33:15]} f6 {[%clk 0:17:07]} 14. exf6 {[%clk 0:26:00]} Nxf6
{[%clk 0:17:27]} 15. f3 {[%clk 0:24:51]} Bc5 {[%clk 0:15:45]} 16. Be2 {[%clk
0:20:50]} O-O {[%clk 0:13:24]} 17. O-O {[%clk 0:20:44]} Rde8 {[%clk 0:12:30]}
18. e4 {[%clk 0:17:42]} Bf7 {[%clk 0:08:53]} 19. Kh1 {[%clk 0:17:05]} Nh5
{[%clk 0:06:52]} 20. Bd2 {[%clk 0:15:01]} Bg6 {[%clk 0:05:50]} 21. Bxc4+ {[%clk
0:14:54]} Kh8 {[%clk 0:06:11]} 22. b4 {[%clk 0:13:46]} 1-0

[Event "DEM U16w 2022"]
[Site "Willingen GER"]
[Date "2022.06.09"]
[Round "7"]
[White "Werner, Rosalie"]
[Black "Glowiak, Alexandra"]
[Result "1-0"]
[Termination "normal"]
[Board "6"]
[WhiteElo "1706"]
[BlackElo "1503"]
[WhiteClock "00:18:38"]
[BlackClock "00:15:12"]
[PlyCount "89"]
[WhiteFideId "16223748"]
[BlackFideId "16259530"]
[EventCountry "GER"]
[EventRounds "9"]
[EventType "swiss"]
[EventDate "2022.06.04"]

1. e4 {[%clk 1:30:57]} e5 {[%clk 1:30:56]} 2. Nf3 {[%clk 1:31:21]} Nc6 {[%clk
1:31:22]} 3. d4 {[%clk 1:31:44]} exd4 {[%clk 1:31:37]} 4. Bc4 {[%clk 1:32:07]}
Nf6 {[%clk 1:31:45]} 5. e5 {[%clk 1:32:28]} d5 {[%clk 1:32:10]} 6. Bb5 {[%clk
1:32:53]} Ne4 {[%clk 1:32:32]} 7. Nxd4 {[%clk 1:33:16]} Bd7 {[%clk 1:32:51]} 8.
Bxc6 {[%clk 1:33:37]} bxc6 {[%clk 1:33:08]} 9. O-O {[%clk 1:33:56]} Bc5 {[%clk
1:33:22]} 10. Be3 {[%clk 1:33:51]} Bb6 {[%clk 1:32:32]} 11. f3 {[%clk 1:29:28]}
Ng5 {[%clk 1:32:19]} 12. f4 {[%clk 1:29:45]} Ne4 {[%clk 1:30:11]} 13. Nd2
{[%clk 1:29:47]} Nxd2 {[%clk 1:23:07]} 14. Qxd2 {[%clk 1:29:37]} c5 {[%clk
1:21:43]} 15. Nf3 {[%clk 1:29:54]} d4 {[%clk 1:07:48]} 16. Bf2 {[%clk 1:30:17]}
Bc6 {[%clk 1:06:13]} 17. Bh4 {[%clk 1:28:53]} Qd5 {[%clk 1:04:41]} 18. b3
{[%clk 1:24:07]} c4 {[%clk 0:49:05]} 19. Qb4 {[%clk 0:51:50]} Bc5 {[%clk
0:29:51]} 20. Qxc4 {[%clk 0:50:32]} Qxc4 {[%clk 0:29:38]} 21. bxc4 {[%clk
0:50:48]} Ba4 {[%clk 0:28:14]} 22. Bf2 {[%clk 0:48:45]} Rd8 {[%clk 0:25:26]}
23. c3 {[%clk 0:46:26]} Bc6 {[%clk 0:20:09]} 24. Nxd4 {[%clk 0:44:58]} Bxd4
{[%clk 0:20:21]} 25. cxd4 {[%clk 0:44:38]} O-O {[%clk 0:20:34]} 26. d5 {[%clk
0:43:50]} Bb7 {[%clk 0:20:23]} 27. Bxa7 {[%clk 0:42:42]} Ba6 {[%clk 0:20:26]}
28. Rac1 {[%clk 0:41:21]} Ra8 {[%clk 0:20:47]} 29. Bc5 {[%clk 0:41:02]} Rfe8
{[%clk 0:21:04]} 30. a3 {[%clk 0:40:15]} Bc8 {[%clk 0:21:02]} 31. Rfe1 {[%clk
0:39:47]} Bf5 {[%clk 0:21:13]} 32. Bb4 {[%clk 0:39:20]} h5 {[%clk 0:21:06]} 33.
c5 {[%clk 0:36:11]} Red8 {[%clk 0:20:29]} 34. Red1 {[%clk 0:35:01]} Be4 {[%clk
0:20:07]} 35. d6 {[%clk 0:32:35]} c6 {[%clk 0:20:01]} 36. Rd4 {[%clk 0:31:45]}
Bf5 {[%clk 0:19:40]} 37. g3 {[%clk 0:29:29]} Bh3 {[%clk 0:19:18]} 38. Ra1
{[%clk 0:21:44]} Rab8 {[%clk 0:18:18]} 39. Ba5 {[%clk 0:20:55]} Rd7 {[%clk
0:18:03]} 40. Bb6 {[%clk 0:20:50]} Kf8 {[%clk 0:15:38]} 41. a4 {[%clk 0:20:12]}
Ra8 {[%clk 0:15:26]} 42. a5 {[%clk 0:20:18]} Be6 {[%clk 0:15:00]} 43. a6 {[%clk
0:19:48]} g6 {[%clk 0:14:57]} 44. Bc7 {[%clk 0:18:29]} Ra7 {[%clk 0:15:12]} 45.
Rb4 {[%clk 0:18:38]} 1-0

[Event "DEM U16w 2022"]
[Site "Willingen GER"]
[Date "2022.06.09"]
[Round "7"]
[White "Petersen, Sophie"]
[Black "Cordes, Jule"]
[Result "0-1"]
[Termination "normal"]
[Board "7"]
[WhiteElo "1653"]
[BlackElo "1841"]
[WhiteClock "00:10:37"]
[BlackClock "00:05:34"]
[PlyCount "70"]
[WhiteFideId "16229380"]
[BlackFideId "1060708"]
[EventCountry "GER"]
[EventRounds "9"]
[EventType "swiss"]
[EventDate "2022.06.04"]

1. e4 {[%clk 1:30:57]} e6 {[%clk 1:30:55]} 2. Nf3 {[%clk 1:31:23]} d5 {[%clk
1:31:06]} 3. e5 {[%clk 1:31:02]} c5 {[%clk 1:31:23]} 4. b4 {[%clk 1:30:51]} b6
{[%clk 1:27:17]} 5. c3 {[%clk 1:29:33]} Qc7 {[%clk 1:24:17]} 6. a3 {[%clk
1:27:39]} Ne7 {[%clk 1:22:04]} 7. d4 {[%clk 1:26:04]} Bd7 {[%clk 1:18:01]} 8.
Bd3 {[%clk 1:20:29]} a5 {[%clk 1:07:05]} 9. bxc5 {[%clk 1:15:15]} bxc5 {[%clk
1:06:41]} 10. Be3 {[%clk 1:12:33]} Nbc6 {[%clk 1:03:59]} 11. O-O {[%clk
1:05:33]} Ng6 {[%clk 0:57:18]} 12. Ng5 {[%clk 1:01:11]} Be7 {[%clk 0:55:22]}
13. f4 {[%clk 0:59:35]} c4 {[%clk 0:48:02]} 14. Bc2 {[%clk 0:59:43]} f6 {[%clk
0:37:48]} 15. Nxh7 {[%clk 0:57:33]} Nf8 {[%clk 0:37:06]} 16. Nxf8 {[%clk
0:56:28]} Bxf8 {[%clk 0:36:13]} 17. Bg6+ {[%clk 0:51:24]} Kd8 {[%clk 0:32:18]}
18. Bc2 {[%clk 0:51:16]} Ne7 {[%clk 0:25:20]} 19. Nd2 {[%clk 0:46:45]} Nf5
{[%clk 0:23:47]} 20. Bxf5 {[%clk 0:43:28]} exf5 {[%clk 0:24:02]} 21. Qf3 {[%clk
0:43:19]} Be6 {[%clk 0:22:35]} 22. Rfe1 {[%clk 0:37:02]} fxe5 {[%clk 0:20:50]}
23. dxe5 {[%clk 0:34:46]} Ke8 {[%clk 0:13:38]} 24. Reb1 {[%clk 0:31:59]} Kf7
{[%clk 0:11:49]} 25. Rb5 {[%clk 0:29:06]} Rb8 {[%clk 0:11:10]} 26. a4 {[%clk
0:28:22]} Rxb5 {[%clk 0:10:08]} 27. axb5 {[%clk 0:28:35]} Bc5 {[%clk 0:10:27]}
28. Qf2 {[%clk 0:22:11]} Bxe3 {[%clk 0:09:08]} 29. Qxe3 {[%clk 0:22:33]} Rb8
{[%clk 0:09:32]} 30. Nf3 {[%clk 0:18:44]} Rxb5 {[%clk 0:07:50]} 31. Ng5+ {[%clk
0:17:45]} Ke7 {[%clk 0:08:14]} 32. Kf1 {[%clk 0:16:41]} Qb7 {[%clk 0:06:21]}
33. Ke2 {[%clk 0:12:34]} Rb2+ {[%clk 0:06:00]} 34. Kf3 {[%clk 0:12:49]} Rb5
{[%clk 0:05:56]} 35. h3 {[%clk 0:10:37]} d4+ {[%clk 0:05:34]} 0-1

[Event "DEM U16w 2022"]
[Site "Willingen GER"]
[Date "2022.06.09"]
[Round "7"]
[White "Duchstein, Anna"]
[Black "Racky, Selina"]
[Result "1-0"]
[Termination "normal"]
[Board "8"]
[WhiteElo "1661"]
[BlackElo "1424"]
[WhiteClock "00:53:08"]
[BlackClock "00:23:20"]
[PlyCount "33"]
[WhiteFideId "16261372"]
[BlackFideId "16239440"]
[EventCountry "GER"]
[EventRounds "9"]
[EventType "swiss"]
[EventDate "2022.06.04"]

1. d4 {[%clk 1:30:59]} d5 {[%clk 1:30:52]} 2. c4 {[%clk 1:31:24]} c6 {[%clk
1:31:18]} 3. Nf3 {[%clk 1:31:48]} Nf6 {[%clk 1:31:42]} 4. e3 {[%clk 1:32:12]}
Bf5 {[%clk 1:31:01]} 5. cxd5 {[%clk 1:32:30]} cxd5 {[%clk 1:29:02]} 6. Nc3
{[%clk 1:32:20]} e6 {[%clk 1:29:13]} 7. Ne5 {[%clk 1:32:21]} h6 {[%clk
1:28:19]} 8. Qb3 {[%clk 1:23:24]} Qc7 {[%clk 1:18:40]} 9. Bd2 {[%clk 1:12:26]}
Nc6 {[%clk 1:15:35]} 10. Rc1 {[%clk 1:09:22]} Rb8 {[%clk 0:58:16]} 11. Qa4
{[%clk 1:01:38]} Ke7 {[%clk 0:33:53]} 12. Nb5 {[%clk 0:57:15]} Qb6 {[%clk
0:29:05]} 13. Nxc6+ {[%clk 0:55:54]} bxc6 {[%clk 0:29:13]} 14. Nxa7 {[%clk
0:55:21]} Re8 {[%clk 0:24:00]} 15. Nxc6+ {[%clk 0:54:57]} Kd7 {[%clk 0:23:32]}
16. Na7+ {[%clk 0:53:41]} Ke7 {[%clk 0:23:20]} 17. Bb4+ {[%clk 0:53:08]} 1-0

[Event "DEM U16w 2022"]
[Site "Willingen GER"]
[Date "2022.06.09"]
[Round "7"]
[White "Sarian, Gaya"]
[Black "von Beckh, Frieda"]
[Result "1-0"]
[Termination "normal"]
[Board "9"]
[WhiteElo "1181"]
[BlackElo "1651"]
[WhiteClock "00:02:09"]
[BlackClock "00:07:09"]
[PlyCount "137"]
[WhiteFideId "16266161"]
[BlackFideId "16233751"]
[EventCountry "GER"]
[EventRounds "9"]
[EventType "swiss"]
[EventDate "2022.06.04"]

1. e4 {[%clk 1:30:57]} c5 {[%clk 1:30:57]} 2. Nf3 {[%clk 1:31:12]} Nc6 {[%clk
1:31:21]} 3. d4 {[%clk 1:31:31]} cxd4 {[%clk 1:31:45]} 4. Nxd4 {[%clk 1:31:51]}
g6 {[%clk 1:31:55]} 5. c4 {[%clk 1:31:56]} Bg7 {[%clk 1:32:21]} 6. Be3 {[%clk
1:32:08]} Nf6 {[%clk 1:32:46]} 7. Nc3 {[%clk 1:32:15]} O-O {[%clk 1:32:58]} 8.
Be2 {[%clk 1:32:16]} d6 {[%clk 1:33:13]} 9. h3 {[%clk 1:32:23]} Bd7 {[%clk
1:33:36]} 10. O-O {[%clk 1:32:37]} Nxd4 {[%clk 1:33:59]} 11. Bxd4 {[%clk
1:32:26]} Bc6 {[%clk 1:34:23]} 12. Qc2 {[%clk 1:32:06]} Nd7 {[%clk 1:34:09]}
13. Bxg7 {[%clk 1:31:36]} Kxg7 {[%clk 1:34:34]} 14. Rad1 {[%clk 1:29:02]} Rc8
{[%clk 1:32:41]} 15. Bg4 {[%clk 1:25:55]} Rc7 {[%clk 1:23:24]} 16. Bxd7 {[%clk
1:25:24]} Qxd7 {[%clk 1:21:22]} 17. e5 {[%clk 0:58:10]} d5 {[%clk 1:16:50]} 18.
Qb1 {[%clk 0:35:42]} d4 {[%clk 1:12:51]} 19. Rfe1 {[%clk 0:23:43]} Rd8 {[%clk
1:10:45]} 20. Ne2 {[%clk 0:21:10]} d3 {[%clk 0:58:44]} 21. Rd2 {[%clk 0:12:45]}
dxe2 {[%clk 0:52:21]} 22. Rxd7 {[%clk 0:12:28]} Rcxd7 {[%clk 0:52:45]} 23. Qc2
{[%clk 0:07:48]} Rd2 {[%clk 0:52:46]} 24. Qc3 {[%clk 0:07:05]} Rd1 {[%clk
0:51:00]} 25. Kh2 {[%clk 0:07:13]} R8d2 {[%clk 0:50:10]} 26. Qe3 {[%clk
0:04:24]} Rd3 {[%clk 0:38:32]} 27. Qxe2 {[%clk 0:04:34]} R1d2 {[%clk 0:38:51]}
28. Qf1 {[%clk 0:03:16]} Rd4 {[%clk 0:31:56]} 29. Re2 {[%clk 0:03:04]} R2d3
{[%clk 0:27:06]} 30. Qc1 {[%clk 0:02:15]} h6 {[%clk 0:22:02]} 31. Qc2 {[%clk
0:02:02]} Bd7 {[%clk 0:19:06]} 32. Re3 {[%clk 0:01:40]} Rd2 {[%clk 0:18:40]}
33. Qc3 {[%clk 0:01:54]} Be6 {[%clk 0:16:58]} 34. f4 {[%clk 0:01:20]} Bxc4
{[%clk 0:16:25]} 35. e6 {[%clk 0:01:17]} Bd5 {[%clk 0:13:20]} 36. Re2 {[%clk
0:00:42]} R2d3 {[%clk 0:13:18]} 37. Qc2 {[%clk 0:00:44]} Bxe6 {[%clk 0:13:20]}
38. Qc1 {[%clk 0:00:45]} Rc4 {[%clk 0:12:36]} 39. Qf1 {[%clk 0:00:44]} Rdd4
{[%clk 0:12:27]} 40. Rf2 {[%clk 0:00:43]} Bf5 {[%clk 0:09:55]} 41. b3 {[%clk
0:15:39]} Rb4 {[%clk 0:34:06]} 42. g4 {[%clk 0:11:17]} Bd3 {[%clk 0:32:09]} 43.
Qa1 {[%clk 0:10:42]} f6 {[%clk 0:31:20]} 44. Rd2 {[%clk 0:07:48]} e5 {[%clk
0:27:12]} 45. fxe5 {[%clk 0:03:09]} fxe5 {[%clk 0:27:35]} 46. Qc3 {[%clk
0:03:20]} Bb5 {[%clk 0:25:17]} 47. Qc7+ {[%clk 0:03:12]} Kf6 {[%clk 0:24:44]}
48. Rf2+ {[%clk 0:03:20]} Ke6 {[%clk 0:18:52]} 49. Qf7+ {[%clk 0:02:50]} Kd6
{[%clk 0:19:15]} 50. Rf6+ {[%clk 0:02:42]} Kc5 {[%clk 0:19:40]} 51. Qc7+ {[%clk
0:01:58]} Bc6 {[%clk 0:18:14]} 52. Qe7+ {[%clk 0:01:29]} Kb6 {[%clk 0:17:49]}
53. Qxe5 {[%clk 0:01:21]} Rd2+ {[%clk 0:16:45]} 54. Kg1 {[%clk 0:01:14]} Rbd4
{[%clk 0:15:30]} 55. Qe3 {[%clk 0:01:04]} R2d3 {[%clk 0:13:57]} 56. Qxh6 {[%clk
0:01:26]} Rg3+ {[%clk 0:13:21]} 57. Kf2 {[%clk 0:01:15]} Rg2+ {[%clk 0:12:06]}
58. Ke3 {[%clk 0:01:33]} Re4+ {[%clk 0:12:13]} 59. Kf3 {[%clk 0:01:27]} Ree2+
{[%clk 0:11:33]} 60. Kf4 {[%clk 0:01:18]} Rd2 {[%clk 0:09:32]} 61. Qxg6 {[%clk
0:01:03]} Rgf2+ {[%clk 0:09:34]} 62. Kg5 {[%clk 0:01:16]} Rd5+ {[%clk 0:08:48]}
63. Kh4 {[%clk 0:01:08]} Rxa2 {[%clk 0:08:35]} 64. Qg8 {[%clk 0:01:04]} Kb5
{[%clk 0:07:29]} 65. Rf5 {[%clk 0:00:59]} Rxf5 {[%clk 0:06:44]} 66. Qc4+ {[%clk
0:01:19]} Kb6 {[%clk 0:06:53]} 67. gxf5 {[%clk 0:01:47]} Ra5 {[%clk 0:06:54]}
68. Qd4+ {[%clk 0:01:57]} Rc5 {[%clk 0:07:09]} 69. b4 {[%clk 0:02:09]} 1-0

[Event "DEM U16w 2022"]
[Site "Willingen GER"]
[Date "2022.06.09"]
[Round "7"]
[White "Foos, Vanessa"]
[Black "Dohon, Maria-Johanna"]
[Result "1-0"]
[Termination "normal"]
[Board "10"]
[WhiteElo "1462"]
[BlackElo "1578"]
[WhiteClock "00:05:59"]
[BlackClock "00:00:53"]
[PlyCount "79"]
[WhiteFideId "16245270"]
[BlackFideId "34600957"]
[EventCountry "GER"]
[EventRounds "9"]
[EventType "swiss"]
[EventDate "2022.06.04"]

1. e4 {[%clk 1:30:58]} c6 {[%clk 1:30:53]} 2. d4 {[%clk 1:31:25]} d5 {[%clk
1:31:18]} 3. f3 {[%clk 1:31:50]} e6 {[%clk 1:31:13]} 4. Nc3 {[%clk 1:32:14]}
Nf6 {[%clk 1:30:07]} 5. e5 {[%clk 1:32:35]} Nfd7 {[%clk 1:30:00]} 6. f4 {[%clk
1:32:56]} c5 {[%clk 1:29:15]} 7. Nf3 {[%clk 1:33:11]} Nc6 {[%clk 1:29:21]} 8.
Be3 {[%clk 1:33:26]} Qb6 {[%clk 1:23:10]} 9. Na4 {[%clk 1:33:00]} Qa5+ {[%clk
1:11:22]} 10. c3 {[%clk 1:31:17]} cxd4 {[%clk 1:09:36]} 11. b4 {[%clk 1:29:05]}
Qd8 {[%clk 1:04:45]} 12. Nxd4 {[%clk 1:27:30]} Nxd4 {[%clk 0:56:12]} 13. Qxd4
{[%clk 1:26:08]} Be7 {[%clk 0:52:59]} 14. Be2 {[%clk 1:21:32]} O-O {[%clk
0:51:55]} 15. O-O {[%clk 1:21:26]} f6 {[%clk 0:46:13]} 16. Bg4 {[%clk 1:12:12]}
f5 {[%clk 0:43:09]} 17. Bd1 {[%clk 1:05:20]} h6 {[%clk 0:31:21]} 18. Bc2 {[%clk
0:54:49]} Rf7 {[%clk 0:29:21]} 19. Qd1 {[%clk 0:52:03]} Nf8 {[%clk 0:25:12]}
20. Qe2 {[%clk 0:46:37]} b6 {[%clk 0:24:18]} 21. Rad1 {[%clk 0:46:20]} Qe8
{[%clk 0:23:42]} 22. Nb2 {[%clk 0:39:32]} Bb7 {[%clk 0:23:04]} 23. g4 {[%clk
0:33:19]} g6 {[%clk 0:20:36]} 24. Bd4 {[%clk 0:31:25]} Rc8 {[%clk 0:19:26]} 25.
Ba4 {[%clk 0:27:33]} Bc6 {[%clk 0:17:11]} 26. Bxc6 {[%clk 0:26:46]} Rxc6 {[%clk
0:17:27]} 27. Kh1 {[%clk 0:25:45]} Rg7 {[%clk 0:14:29]} 28. Rg1 {[%clk
0:25:03]} Qf7 {[%clk 0:11:28]} 29. Nd3 {[%clk 0:20:59]} Rc7 {[%clk 0:03:29]}
30. Rg2 {[%clk 0:21:05]} Bd8 {[%clk 0:03:16]} 31. Rdg1 {[%clk 0:21:00]} Qe8
{[%clk 0:03:34]} 32. Rg3 {[%clk 0:18:22]} h5 {[%clk 0:02:22]} 33. gxf5 {[%clk
0:17:47]} gxf5 {[%clk 0:02:41]} 34. Qg2 {[%clk 0:16:55]} Rxg3 {[%clk 0:01:43]}
35. Qxg3+ {[%clk 0:17:18]} Kh7 {[%clk 0:01:34]} 36. Qg8+ {[%clk 0:16:54]} Kh6
{[%clk 0:01:32]} 37. b5 {[%clk 0:08:30]} Rh7 {[%clk 0:01:13]} 38. Nb4 {[%clk
0:06:25]} Qf7 {[%clk 0:01:09]} 39. Nc6 {[%clk 0:05:33]} Qxg8 {[%clk 0:00:53]}
40. Rxg8 {[%clk 0:05:59]} 1-0

[Event "DEM U16w 2022"]
[Site "Willingen GER"]
[Date "2022.06.09"]
[Round "7"]
[White "Alhassan, Jodi"]
[Black "Einacker, Anika"]
[Result "1-0"]
[Termination "normal"]
[Board "11"]
[WhiteElo "1225"]
[BlackElo "1160"]
[WhiteClock "00:24:25"]
[BlackClock "00:29:27"]
[PlyCount "85"]
[WhiteFideId "16250460"]
[BlackFideId "34620591"]
[EventCountry "GER"]
[EventRounds "9"]
[EventType "swiss"]
[EventDate "2022.06.04"]

1. e4 {[%clk 1:30:52]} c5 {[%clk 1:30:53]} 2. Nf3 {[%clk 1:31:08]} e6 {[%clk
1:31:12]} 3. d4 {[%clk 1:31:15]} cxd4 {[%clk 1:31:31]} 4. Nxd4 {[%clk 1:31:35]}
a6 {[%clk 1:31:42]} 5. Bd3 {[%clk 1:30:36]} Qc7 {[%clk 1:31:26]} 6. O-O {[%clk
1:30:03]} Nf6 {[%clk 1:28:49]} 7. Qe2 {[%clk 1:27:00]} d5 {[%clk 1:21:32]} 8.
exd5 {[%clk 0:41:38]} Nxd5 {[%clk 1:12:06]} 9. Nf5 {[%clk 0:33:38]} Nf4 {[%clk
0:43:01]} 10. Bxf4 {[%clk 0:26:50]} Qxf4 {[%clk 0:42:47]} 11. Nc3 {[%clk
0:25:53]} Nc6 {[%clk 0:32:44]} 12. Nd5 {[%clk 0:19:42]} Qb8 {[%clk 0:31:28]}
13. Nb6 {[%clk 0:17:19]} Ra7 {[%clk 0:28:46]} 14. Rfe1 {[%clk 0:13:39]} Ne7
{[%clk 0:26:45]} 15. Qe3 {[%clk 0:09:01]} Nxf5 {[%clk 0:22:14]} 16. Bxf5 {[%clk
0:08:19]} Be7 {[%clk 0:22:06]} 17. Nxc8 {[%clk 0:08:21]} Qxc8 {[%clk 0:21:16]}
18. Qxa7 {[%clk 0:07:58]} exf5 {[%clk 0:21:12]} 19. Qe3 {[%clk 0:07:56]} Qe6
{[%clk 0:17:14]} 20. Qxe6 {[%clk 0:07:50]} fxe6 {[%clk 0:17:39]} 21. Rxe6
{[%clk 0:07:12]} Kf7 {[%clk 0:18:01]} 22. Rae1 {[%clk 0:06:12]} Bf6 {[%clk
0:17:58]} 23. c3 {[%clk 0:06:10]} Rd8 {[%clk 0:18:02]} 24. g3 {[%clk 0:05:26]}
a5 {[%clk 0:15:26]} 25. Rb6 {[%clk 0:04:08]} Rb8 {[%clk 0:14:28]} 26. Rb5
{[%clk 0:03:05]} b6 {[%clk 0:14:41]} 27. Rxf5 {[%clk 0:03:13]} Rd8 {[%clk
0:13:35]} 28. Rb5 {[%clk 0:03:03]} Rd6 {[%clk 0:13:16]} 29. c4 {[%clk 0:02:02]}
Rc6 {[%clk 0:11:33]} 30. Rc1 {[%clk 0:01:18]} Bd4 {[%clk 0:11:33]} 31. b4
{[%clk 0:00:52]} axb4 {[%clk 0:09:55]} 32. Rxb4 {[%clk 0:01:11]} Bc5 {[%clk
0:09:54]} 33. Rb3 {[%clk 0:01:22]} Rc7 {[%clk 0:09:18]} 34. Rbb1 {[%clk
0:00:55]} Ra7 {[%clk 0:09:33]} 35. Rf1 {[%clk 0:00:36]} Rxa2 {[%clk 0:09:30]}
36. Rbc1 {[%clk 0:00:48]} Kf6 {[%clk 0:08:31]} 37. Kg2 {[%clk 0:00:38]} Kf5
{[%clk 0:08:37]} 38. Rc3 {[%clk 0:00:40]} Ke4 {[%clk 0:07:43]} 39. Rf3 {[%clk
0:00:35]} Ra7 {[%clk 0:07:17]} 40. Re1+ {[%clk 0:00:52]} Kd4 {[%clk 0:06:54]}
41. Rc1 {[%clk 0:00:39]} Rc7 {[%clk 0:04:45]} 42. h4 {[%clk 0:26:29]} Ba3
{[%clk 0:29:27]} 43. Rxa3 {[%clk 0:24:25]} 1-0